The Modulor A harmonious Measure to the human scale Universally applicable to architecture and mechanics (Record no. 7123)
[ view plain ]
| 000 -LEADER | |
|---|---|
| fixed length control field | 00336nam a2200109Ia 4500 |
| 008 - FIXED-LENGTH DATA ELEMENTS--GENERAL INFORMATION | |
| fixed length control field | 200302s9999 xx 000 0 und d |
| 100 ## - MAIN ENTRY--PERSONAL NAME | |
| Personal name | Le Corbusier |
| 245 ## - TITLE STATEMENT | |
| Title | The Modulor A harmonious Measure to the human scale Universally applicable to architecture and mechanics |
| 260 ## - PUBLICATION, DISTRIBUTION, ETC. | |
| Name of publisher, distributor, etc. | Birkhauser Verlag Gmbh |
| 260 ## - PUBLICATION, DISTRIBUTION, ETC. | |
| Date of publication, distribution, etc. | 2016 |
| 300 ## - PHYSICAL DESCRIPTION | |
| Extent | 243 |
| Withdrawn status | Lost status | Damaged status | Not for loan | Permanent Location | Current Location | Date acquired | Cost, normal purchase price | Full call number | Barcode | Date last seen | Price effective from | Koha item type |
|---|---|---|---|---|---|---|---|---|---|---|---|---|
| BMS College of Architecture, Design and Planning | BMS College of Architecture, Design and Planning | 2020-03-03 | 688.33 | 720.2 | AR-UG1025 | 2020-03-03 | 2020-03-03 | UG Books |